| 000 | 00802nam a2200289 a 4500 | ||
|---|---|---|---|
| 001 | 000114214 | ||
| 003 | CHAP | ||
| 005 | 20220329144431.0 | ||
| 008 | 171123s1993 mx |r| ||1|p|spa d | ||
| 010 | _a110675 | ||
| 011 | _a111647 | ||
| 020 | _a968-6664-91-2 (Volumen) | ||
| 020 | _a9686664909 (Obras) | ||
| 040 | _cCHAP | ||
| 082 | 0 | 4 |
_a861.4 _bZ21 |
| 100 | 1 |
_aZaid, Gabriel _9134125 |
|
| 245 | 1 | 0 |
_aEnsayos sobre poesía / _cpor Gabriel Zaid. |
| 260 |
_aMéxico, D.F. : _bEl Colegio Nacional, _c1993. |
||
| 300 | _a558 p. | ||
| 490 |
_aObras de Gabriel Zaid _v2 |
||
| 590 |
_aE5765TAJ _b05 _c20171123 _lUCH01 _h0943 |
||
| 650 | 1 | 4 |
_aPoesía mexicana _ySiglo XX _xHistoria y crítica. _9134126 |
| 830 | 0 |
_aObras de Gabriel Zaid _v2 _9134127 |
|
| 901 | _aBK | ||
| 942 | _cLIBRO | ||
| 942 | _n0 | ||
| 999 |
_c110675 _d110675 |
||